What Movie? Back to the Camera XXIV Quiz Stats

 Plays Quiz Updated Nov 3, 2018

Score 0/25 Timer 08:00
1 Play Today
% Correct
The Lord of the Rings: The Two Towers
73.2%
Gandhi
68.9%
Platoon
66.3%
Coco
61.7%
Cabaret
61.6%
Basic Instinct
56.2%
The Patriot
51.1%
The Artist
50.3%
The Shape of Water
47.5%
The Road
45.8%
The Muppet Christmas Carol
45.4%
Highlander
45.4%
Out of Africa
44.9%
% Correct
Dr. No
41.5%
Black Panther
37.4%
The Phantom of the Opera
36.1%
Legends of the Fall
32.9%
Philadelphia
32.3%
Bright
32%
Changeling
26.2%
Children of Men
23.4%
Annihilation
22.1%
Manhattan
21.7%
Three Kings
18.5%
The Station Agent
15.4%

You're not logged in!

Compare scores with friends on all Sporcle quizzes.
OR
Log In

Sporcle TV

Today on Sporcle TV


Watch our educational content, quiz creation guides, and fun videos on Sporcle TV.

Show Comments

Extras

Top Quizzes Today


Score Distribution

Your Account Isn't Verified!

In order to create a playlist on Sporcle, you need to verify the email address you used during registration. Go to your Sporcle Settings to finish the process.

Report this User

Report this user for behavior that violates our Community Guidelines.

Details: